000 00424pab a2200169 454500
008 180718b2010 xxu||||| |||| 00| 0 eng d
100 _aMehta, Meera
245 _aA glass half full? Urban development (1990s to 2010)
260 _c2010
300 _ap.20-23.
362 _a10 Jul
650 _aUrban development
700 _aMehta, Dinesh
773 _aEconomic and Political Weekly
908 _aN
909 _a87176
999 _c87176
_d87176